000 00551nam a22001817a 4500
003 LK-CoDNM
005 20241105135313.0
008 241015b |||||||| |||| 00| 0 eng d
040 _aLK-CoDNM
_dLK-CoDNM
_eLK-CoDNM
041 _asin
080 _aප්‍ර.ස
_b12
245 _aසිළුමිණ 1932
_b3 - කාණ්ඩය
_c11 - කලාපය
246 _aThe Silumina
300 _a160p. : ill ; 42 cm
650 _aසිංහල‍ ‍ ‍බෞද්ධයා
650 _aප්‍ර.ස 12
942 _cBK
999 _c226975
_d226975